| 000 | 01184cam a22002775a 4500 | ||
|---|---|---|---|
| 001 | 17013926 | ||
| 005 | 20151116152318.0 | ||
| 008 | 111019s2012 enka frb 001 0 eng d | ||
| 020 | _a9780470684238 (pbk.) | ||
| 040 |
_aDNLM/DLC _beng _cDLC _dDLC _dEG-ScBUE |
||
| 082 | 0 | 4 |
_a616.96 _222 _bGUN |
| 100 | 1 |
_aGunn, Alan. _938761 |
|
| 245 | 1 | 0 |
_aParasitology : _ban integrated approach / _cAlan Gunn and Sarah Jane Pitt. |
| 260 |
_aChichester : _bWiley-Blackwell / John Wiley & Sons Ltd., _c2012. |
||
| 300 |
_axiv, 442 p. : _bill. (some col.) ; _c25 cm. |
||
| 500 | _aIndex : p. 431-442. | ||
| 504 | _aBibliography : p. [375]-429. | ||
| 505 | 0 | _aAnimal associations -- Parasitic protozoa, fungi & plants -- Helminth parasites -- Arthropod parasites -- Parasite transmission -- Immune reactions to parasitic infections -- Pathology -- The useful parasite -- Identification of protozoan and helminth parasites -- Parasite treatment & control. | |
| 650 | 0 |
_aParasitology. _2BUEsh |
|
| 650 | 0 |
_aParasites _2BUEsh _xPhysiology |
|
| 650 | 7 |
_aParasitic diseases. _2BUEsh _936712 |
|
| 651 | _2BUEsh | ||
| 653 |
_bPPhrm _cAugust2015 _cNovember2015 |
||
| 700 | 1 | _aPitt, Sarah J. | |
| 942 | _2ddc | ||
| 999 |
_c20768 _d20740 |
||